Badania operacyjne w zarzadzaniu firmami i przedsiewzieciami

Saved in:
Bibliographic Details
Other Authors: Ignasiak, Edmund
Format: Book
Language:Polish
Published: Poznan Wydawnictwo Akademii Ekonomicznej w Poznaniu 1998
Series:Zeszyty naukowe 258
Subjects:
Tags: Add Tag
No Tags, Be the first to tag this record!

MARC

LEADER 00000nam a2200000 4500
001 c103081
005 20240417125801.0
022 |a 0208-4902 
041 0 |a pol 
044 |a PL 
245 1 0 |a Badania operacyjne w zarzadzaniu firmami i przedsiewzieciami  |c Redaktor naukowy: Edmund Ignasiak 
264 1 |a Poznan  |b Wydawnictwo Akademii Ekonomicznej w Poznaniu  |c 1998 
300 |a 114 s. 
490 1 |a Zeszyty naukowe  |v 258 
830 0 |a Zeszyty naukowe  |v 258 
610 2 0 |a výskum operačný 
610 2 0 |a riadenie podnikové 
610 2 0 |a podnikanie 
610 2 0 |a hospodárstvo trhové 
610 2 0 |a plánovanie výroby 
610 2 0 |a projekty investičné 
610 2 0 |a riziko 
610 2 0 |a rozhodovanie manažérske 
610 2 0 |a modelovanie ekonometrické 
610 2 0 |a vklady 
610 2 0 |a úver bankový 
610 2 0 |a rozhodovanie podnikové 
700 1 |a Ignasiak, Edmund